000 01174nam0a2200337 i 4500
001 RU\NLR\BIBL_A\010944653
005 20260406073849.0
010 _a9785444441824
_92000
021 _aRU
_b15-95814
035 _a(NILC)RuMoRGB-008095825
035 _a(NLR Aleph) 010944653
090 _a10763089
_c10763089
100 _a20151225d2016 m y0rusy50 ca
101 0 _arus
102 _aRU
105 _ay|||z|||000ay
200 1 _aСамые красивые корабли
_e[повести]
_fЮрий Рытхэу
210 _aМосква
_cВече
_d2016
215 _a349, [2] с.
_d20
225 1 _aСделано в СССР
_iЛюбимая проза
327 1 _aСодерж.: Самые красивые корабли; След россомахи; Когда киты уходят
333 _a12+
686 2 _aШ6(2=Чук)7-4
700 1 _8rus
_7ca
_aРытхэу
_bЮ. С.
_gЮрий Сергеевич
_f1930-2008
_3RU\NLR\AUTH\7732366
_915374
801 0 _aRU
_bРГБ
_c20151215
_gRCR
801 2 _aRU
_bРГБ
_c20151216
_grcr
942 _cBOOK
980 _aNBR